00881nam a2200229Ia 4500001000900000003000500009005001700014008004100031010001100072040000900083082002600092245015900118260008800277300001100365503000700376650004500383650004300428650005400471650005200525700003600577700003800613dia_6129CHAP20251023151521.0220117s[201 xx 000 0 und d a177358 cCHAP a630.710711 P65 [201?] aPolvos de aquellos lodos : la vida de Chapingo a finales de 1970 y principios de 1980 /c coordinación Armando Ramírez Arias y Jorge Quiroz Márquez aMéxico :b Fundación Universidad Autónoma Chapingo :,b Máskapital,c[201 a216 p. aD. aAgricultural collegesxMexicoxHistory  aCollege studentesxPersonal narratives aEstudiantes universitariosx Relatos personales  aUniversidades agrícolasxMéxicoxHistoria  aQuiroz Márquez, Jorge, coord. aRamírez Arias, Armando, coord.